000 00590nmm a2200205Ia 4500
008 251105s9999||||xx |||||||||||||||||und||
020 _a9786071633378
041 _aspa
100 _aHout, Mies van
245 0 _aFeliz
264 _a[México D.C., Mexico] :
_bFondo de Cultura Económica,
_c2016
300 _a48 páginas
490 _aLos Especiales de A la Orilla del Viento
650 _aAges 6-8 Years Old
700 _aHout, Mies van
700 1 _a Venegas, Socorro
700 1 _a Figueroa, Susana
856 _uhttps://public.digitaliapublishing.com/a/43804
942 _cCF
999 _c66983
_d66983